书目信息 |
| 题名: |
力学电学
|
|
| 作者: | ;吉林人民出版社科学技术编辑室 编 | |
| 分册: | ||
| 出版信息: | 长春 吉林人民出版社 1982 |
|
| 页数: | 317页 | |
| 开本: | 26cm | |
| 丛书名: | ||
| 单 册: | ||
| 中图分类: | O3-44 | |
| 科图分类: | ||
| 主题词: | 力学 | |
| 电子资源: | ||
| ISBN: | ||
| 000 | 00715nam0 2200217 450 | |
| 001 | 0661972623 | |
| 005 | 20060725171530.28 | |
| 010 | @dCNY1.80 | |
| 100 | @a20060725d1982 km y0chiy0120 ea | |
| 101 | 0 | @achi |
| 102 | @aCN@b220000 | |
| 102 | @aCN@b220000 | |
| 200 | 1 | @a力学电学@Ali xue dian xue@f吉林人民出版社科学技术编辑室编@Fji lin ren min chu ban she ke xue ji shu bian ji shi bian |
| 210 | @a长春@c吉林人民出版社@d1982 | |
| 215 | @a317页@d26cm | |
| 300 | @a1981全国重点高等院校硕士学位研究生入学试题及选解 | |
| 606 | 0 | @a力学 |
| 690 | @aO3-44@v3 | |
| 711 | 0 | @a吉林人民出版社科学技术编辑室@Aji lin ren min chu ban she ke xue ji shu bian ji shi@4编 |
| 801 | 0 | @aCN@bPFT@c20060725 |
| 905 | @a10447@dO3-44@e57 | |
| 力学电学/吉林人民出版社科学技术编辑室编.-长春:吉林人民出版社,1982 |
| 317页;26cm |
| 1981全国重点高等院校硕士学位研究生入学试题及选解 |
| ISBN :CNY1.80 |
| ● |
| 相关链接 |
|
|
|
|
正题名:力学电学
索取号:O3-44/57
 
预约/预借
| 序号 | 登录号 | 条形码 | 馆藏地/架位号 | 状态 | 备注 |
| 1 | 0432677 | 204326773 | 密集书库/ [索取号:O3-44/57] | 在馆 | |
| 2 | 0432678 | 204326782 | 密集书库/ [索取号:O3-44/57] | 在馆 |